A tale from the Orang Asli : the flying monster
| Format: | Book |
|---|---|
| Published: |
P.J :
Tioman Books Sdn Bhd ,
1995
|
| Series: | Makeway readers
|
| Subjects: |
MARC
| LEADER | 00000cam a2200000 7i4500 | ||
|---|---|---|---|
| 001 | 0000006700 | ||
| 002 | 000007224 | ||
| 005 | 20000330.0 | ||
| 020 | |a 9839073877 | ||
| 090 | 0 | 0 | |a JF |b MAK |
| 245 | 0 | 2 | |a A tale from the Orang Asli : |b the flying monster |c retold by Johnny Ong |
| 260 | |a P.J : |b Tioman Books Sdn Bhd , |c 1995 | ||
| 300 | |a 24p. : |b ill. ; |c 20cm. | ||
| 490 | 0 | |a Makeway readers | |
| 650 | 0 | 0 | |a Children's stories |
| 999 | |a 038745 |b BUKU |c PINJAMAN |e PERPUSTAKAAN KOMUNITI PETALING JAYA | ||
| 999 | |a 038746 |b BUKU |c PINJAMAN |e PERPUSTAKAAN KOMUNITI PETALING JAYA | ||